000
00271nam a2200097Ia 4500
008
230915s9999 xx 000 0 und d
050
_a
H 62.S24
100
_a
VOGT, W. PAUL
245
0
_a
SAGE QUANTITATIVE RESEARCH METHODS | SAGE QUANTITATIVE RESEARCH METHODS
942
_c
BK
999
_c
72637
_d
72637